000 00946nam a2200289Ia 4500
001 C5102
003 IT-RoPAU
008 130308s9999 xx 000 0 und d
040 _aIT-RoPAU
040 _cIT-RoPAU
041 _aITALIANO
100 _aVidesott Maria
100 _gCodice Aut. SPICS: 40351
245 _aMusicoterapia preventiva: suono e musica nella preparazione alla nascita
245 _bMusica & Terapia-0-Quaderni Italiani di musicoterapia
250 _a1a ed.
260 _aGENOVA
260 _bErga Edizioni
260 _c1992 [1° Ed.:1992 - Ed.Ling.Originale:1992]
300 _a"8 p. (prefazione: no ; testo: 8 [pagine: 10-17])"
500 _aSuono e Vita Prenatale. in Ascolto del Segreto. musicoterapia di Fronte Alla Nascita. Canto nella preparazione al Parto. linee di Intervento.
650 _aSAGGI MUSICALI
650 _eCodice materia Spics: 7011
942 _cBK
957 _71
999 _c77477
_d77477
999 _g1